Multitarea digital: Efectos sobre la organización y el rendimiento en tareas no digitales (notice n° 911966)

détails MARC
000 -LEADER
fixed length control field 01747cam a2200217 4500500
005 - DATE AND TIME OF LATEST TRANSACTION
control field 20250125011239.0
041 ## - LANGUAGE CODE
Language code of text/sound track or separate title fre
042 ## - AUTHENTICATION CODE
Authentication code dc
100 10 - MAIN ENTRY--PERSONAL NAME
Personal name Gaujoux, Vivien
Relator term author
245 00 - TITLE STATEMENT
Title Multitarea digital: Efectos sobre la organización y el rendimiento en tareas no digitales
260 ## - PUBLICATION, DISTRIBUTION, ETC.
Date of publication, distribution, etc. 2022.<br/>
500 ## - GENERAL NOTE
General note 70
520 ## - SUMMARY, ETC.
Summary, etc. Este estudio aborda dos cuestiones: ¿refleja la tendencia a la multitarea digital un comportamiento general y repercute en las capacidades cognitivas? Si este es el caso, los usuarios de medios multitarea deberían adoptar una organización multitarea espontánea, incluida la capacidad de realizar cuatro tareas no digitales en veinte minutos, y, por tanto, deberían obtener un menor rendimiento. Nuestros resultados no soportan estas hipótesis, ya que la tendencia a la multitarea digital no se correlaciona con el rendimiento ni con el número de cambios de tarea, y apuntan a factores organizativos específicos de la naturaleza de las tareas por realizar más que a un comportamiento general. Curiosamente, independientemente de la multitarea, un mayor consumo de medios se asoció con un mejor rendimiento en nuestras tareas. Este resultado pone de manifiesto la necesidad de profundizar en el estudio de los factores determinantes de la organización ante tareas múltiples.
700 10 - ADDED ENTRY--PERSONAL NAME
Personal name Reynaud, Emanuelle
Relator term author
700 10 - ADDED ENTRY--PERSONAL NAME
Personal name Palluel-Germain, Richard
Relator term author
700 10 - ADDED ENTRY--PERSONAL NAME
Personal name T. Vallet, Guillaume
Relator term author
700 10 - ADDED ENTRY--PERSONAL NAME
Personal name Navarro, Jordan
Relator term author
700 10 - ADDED ENTRY--PERSONAL NAME
Personal name Osiurak, François
Relator term author
786 0# - DATA SOURCE ENTRY
Note L’Année psychologique | 123 | 1 | 2022-12-13 | p. 63-89 | 0003-5033
856 41 - ELECTRONIC LOCATION AND ACCESS
Uniform Resource Identifier <a href="https://shs.cairn.info/revista-l-annee-psychologique-2023-1-page-63?lang=es&redirect-ssocas=7080">https://shs.cairn.info/revista-l-annee-psychologique-2023-1-page-63?lang=es&redirect-ssocas=7080</a>

Pas d'exemplaire disponible.

PLUDOC

PLUDOC est la plateforme unique et centralisée de gestion des bibliothèques physiques et numériques de Guinée administré par le CEDUST. Elle est la plus grande base de données de ressources documentaires pour les Étudiants, Enseignants chercheurs et Chercheurs de Guinée.

Adresse

627 919 101/664 919 101

25 boulevard du commerce
Kaloum, Conakry, Guinée

Réseaux sociaux

Powered by Netsen Group @ 2025